Genetics
Guardat en:
| Autor principal: | |
|---|---|
| Format: | Llibre |
| Idioma: | anglès |
| Publicat: |
New York, USA
Holt, Rinehart and Winston
1962
|
| Matèries: | |
| Etiquetes: |
Afegir etiqueta
Sense etiquetes, Sigues el primer a etiquetar aquest registre!
|
MARC
| LEADER | 00000nam a2200000 a 4500 | ||
|---|---|---|---|
| 001 | UCY3757 | ||
| 003 | CL-VaPUC | ||
| 005 | 20230112074251.0 | ||
| 008 | 950116e19620000US |||||||||||||||||eng|d | ||
| 999 | |c 231812 |d 231810 | ||
| 040 | |c Pontificia Universidad Católica de Valparaíso | ||
| 082 | 0 | 4 | |a 576.5 LEV 1962 |2 21 |
| 100 | |a Levine, Robert Paul |e author |9 390103 | ||
| 245 | 1 | 0 | |a Genetics |
| 260 | 0 | 3 | |a New York, USA |b Holt, Rinehart and Winston |c 1962 |
| 300 | |a 180 páginas | ||
| 583 | |a last modification |c 19950116 00:00:00 |k Rodrigo Vera | ||
| 650 | 0 | |a Genética |9 259443 | |
| 650 | 0 | |a Biología |9 262022 | |
| 650 | 0 | |a Evolución |9 259442 | |
| 650 | 0 | |a Herencia |9 256325 | |
| 942 | |c BK |2 ddc | ||
| 945 | |d 19950116 00:00:00 |a mfernand | ||
| 952 | |0 0 |1 0 |2 ddc |4 0 |6 576_500000000000000_LEV_1962 |7 0 |8 CCM |9 235512 |a BIBCUR |b BIBCUR |d 2019-11-15 |i 3052710 |o 576.5 LEV 1962 |p 3052710 |r 2025-04-22 |t 3 |w 2019-11-15 |y BK |k CIM | ||
| 952 | |0 0 |1 0 |2 ddc |4 0 |6 576_500000000000000_LEV_1962 |7 0 |8 A |9 235513 |a BIBCUR |b BIBCUR |d 2019-11-15 |i 1782991 |l 1 |o 576.5 LEV 1962 |p 1782991 |r 2025-04-22 |s 2023-03-30 |t 1 |w 2019-11-15 |y BK |k BIO | ||
| 952 | |0 0 |1 0 |2 ddc |4 0 |6 576_500000000000000_LEV_1962 |7 0 |8 A |9 235514 |a BIBCUR |b BIBCUR |d 2019-11-15 |i 4681223 |o 576.5 LEV 1962 |p 4681223 |r 2025-04-22 |t 2 |w 2019-11-15 |y BK |k BCB | ||